000 00284nam a2200121 a 4500
008 101022s1967|||| d
100 1 _aKnieža, E.F.
245 1 0 _aMušketieri žltej hviezdy
260 _bVPL
_aBratislava
_c1967
020 _c15,50
041 _aslo
044 _axo
_cSK
999 _c12037
_d12037